000 00524nmm a2200169Ia 4500
008 251105s9999||||xx |||||||||||||||||und||
020 _a9788413053264
041 _aspa
100 _aGiménez Chueca, Iván
245 0 _aBreve historia de los Marines de los Estados Unidos :
_b Ejércitos 12
264 _a[Madrid, España] :
_bEdiciones Nowtilus,
_c2023
300 _a426 páginas
490 _aBreve historia
650 _aHistory (General)
856 _uhttps://public.digitaliapublishing.com/a/171981
942 _cCF
999 _c76376
_d76376